000 00685nam a2200253Ia 4500
005 20260121153702.0
008 008 260114s9999 xx 000 0 eng d
020 _a9781003137504
037 _aEBOOK
040 _aCRL
040 _beng
040 _cCRL
041 _2eng
041 _aeng
084 _qCRL
100 _aJohn Aliu; Clinton Aigbavboa; Wellington Thwala
_9997835
245 2 _aA 21st Century Employability Skills Improvement Framework for the Construction Industry
260 _bTaylor and Francis
260 _c2021
856 _uhttp://www.taylorfrancis.com/books/9781003137504
942 _cEBOOK
999 _c1564654
_d1564654